Spirit and purpose of geography (Record no. 1325967)
[ view plain ]
| 000 -LEADER | |
|---|---|
| fixed length control field | 00570nam a2200193Ia 4500 |
| 005 - DATE AND TIME OF LATEST TRANSACTION | |
| control field | 20250508150832.0 |
| 008 - FIXED-LENGTH DATA ELEMENTS--GENERAL INFORMATION | |
| fixed length control field | 008 250505s9999 xx 000 0 eng d |
| 037 ## - SOURCE OF ACQUISITION | |
| Stock number | Books to be hide in OPAC |
| 040 ## - CATALOGING SOURCE | |
| Original cataloging agency | FEDL |
| Language of cataloging | eng |
| Transcribing agency | FEDL |
| 041 ## - LANGUAGE CODE | |
| Language code of text/sound track or separate title | eng |
| Source of code | eng |
| 084 ## - COLON CLASSIFICATION NUMBER | |
| Classification number | 910.7, WOO/O |
| Assigning agency | FEDL |
| 100 ## - MAIN ENTRY--PERSONAL NAME | |
| Personal name | Wooldrige S W |
| 9 (RLIN) | 757777 |
| 245 #0 - TITLE STATEMENT | |
| Title | Spirit and purpose of geography |
| 260 ## - PUBLICATION, DISTRIBUTION, ETC. | |
| Place of publication, distribution, etc. | New York, USA |
| Name of publisher, distributor, etc. | Hutchinson's University Library |
| Date of publication, distribution, etc. | 1951 |
| 300 ## - PHYSICAL DESCRIPTION | |
| Extent | 176p. |
| 700 ## - ADDED ENTRY--PERSONAL NAME | |
| Personal name | East Gordon W |
| 9 (RLIN) | 757778 |
| 942 ## - ADDED ENTRY ELEMENTS (KOHA) | |
| Koha item type | Books to be hide in OPAC |
| Classification part | 910.7, WOO/O |
| Withdrawn status | Lost status | Damaged status | Not for loan | Home library | Current library | Date acquired | Total Checkouts | Full call number | Barcode | Date last seen | Price effective from | Koha item type |
|---|---|---|---|---|---|---|---|---|---|---|---|---|
| Department of Education Library | Department of Education Library | 2025-05-08 | 910.7, WOO/O | EL0005542 | 2025-05-08 | 2025-05-08 | Books to be hide in OPAC |
